Statistiques concernant 1 bis Square Rameau

Cliquez ici pour prendre le quiz!

Statistiques générales

  • Ce quiz a été pris 3 fois
  • Le résultat moyen est 12 sur 18

Statistiques - réponses

HintRéponse% Correct
Ennemi juré d'AntoClara Morgane
100%
Lucas l'est secrètementGay
100%
Voleuse de virginitéGrace
100%
RégionGrand Est
100%
A ne pas faire dans une égliseQuoicoubeh
100%
Manque dans la chambre d'AntoSommier
100%
Accessoire de karaokéBalai
50%
Rituel pré-repasBénédicité
50%
Fait un nombre incalculable de fois chez CelioCaca
50%
Ville de résidence de ce dernierChalles-les-eaux
50%
"Je peux utiliser tes toilettes stp"Chjara
50%
Fadi ne les change jamaisDraps
50%
Le meilleur ami de FadiGuillaume
50%
Boission du sheitan pour FadiIced Tea
50%
Ne peut pas se casser avec une main selon LucasOeuf
50%
Pays représenté sur des drapsRoyaume-Uni
50%
Lucas a twerké sur cette chanson devant des IrlandaisWAP
50%
Signifie étoile en latinStella
0%

Distribution des résultats

Percentile par nombre de réponses

% des personnes avec chaque résultat

Votre développement - résultats

Vous n’avez pas pris ce quiz